<?xml version="1.0" encoding="UTF-8"?>
<record
    xmlns:xsi="http://www.w3.org/2001/XMLSchema-instance"
    xsi:schemaLocation="http://www.loc.gov/MARC21/slim http://www.loc.gov/standards/marcxml/schema/MARC21slim.xsd"
    xmlns="http://www.loc.gov/MARC21/slim">

  <leader>02828cam a2200373 i 4500</leader>
  <controlfield tag="003">SA-RiAUC</controlfield>
  <controlfield tag="005">20260114141716.0</controlfield>
  <controlfield tag="008">260101s1911    ua     g      000 0 ara c</controlfield>
  <datafield tag="040" ind1=" " ind2=" ">
    <subfield code="a">EG-CaDAJ</subfield>
    <subfield code="b">ara</subfield>
    <subfield code="c">SA-RiAUC</subfield>
    <subfield code="e">rda</subfield>
  </datafield>
  <datafield tag="082" ind1="0" ind2="4">
    <subfield code="a">251</subfield>
    <subfield code="q">SA-RiAUC</subfield>
  </datafield>
  <datafield tag="090" ind1=" " ind2=" ">
    <subfield code="a">&#x645; &#x646; 251</subfield>
    <subfield code="b">&#x632; &#x643; &#x631;</subfield>
  </datafield>
  <datafield tag="100" ind1="1" ind2=" ">
    <subfield code="a">&#x632;&#x643;&#x631;&#x64A;&#x627; &#x627;&#x644;&#x623;&#x646;&#x635;&#x627;&#x631;&#x64A;&#x60C; &#x632;&#x643;&#x631;&#x64A;&#x627; &#x628;&#x646; &#x645;&#x62D;&#x645;&#x62F; &#x628;&#x646; &#x623;&#x62D;&#x645;&#x62F;&#x60C;</subfield>
    <subfield code="d">823-926 &#x647;&#x62C;&#x631;&#x64A;</subfield>
    <subfield code="e">&#x645;&#x624;&#x644;&#x641;.</subfield>
  </datafield>
  <datafield tag="245" ind1="1" ind2="0">
    <subfield code="a">&#x643;&#x62A;&#x627;&#x628; &#x641;&#x62A;&#x62D; &#x627;&#x644;&#x631;&#x62D;&#x645;&#x646; :</subfield>
    <subfield code="b">&#x634;&#x631;&#x62D; &#x634;&#x64A;&#x62E; &#x627;&#x644;&#x625;&#x633;&#x644;&#x627;&#x645; &#x632;&#x643;&#x631;&#x64A;&#x627; &#x627;&#x644;&#x623;&#x646;&#x635;&#x627;&#x631;&#x64A; &#x639;&#x644;&#x649; &#x645;&#x62A;&#x646; &#x644;&#x642;&#x637;&#x629; &#x627;&#x644;&#x639;&#x62C;&#x644;&#x627;&#x646; &#x648;&#x628;&#x644;&#x629; &#x627;&#x644;&#x638;&#x645;&#x622;&#x646; &#x641;&#x64A; &#x641;&#x646; &#x627;&#x644;&#x623;&#x635;&#x648;&#x644; &#x644;&#x644;&#x625;&#x645;&#x627;&#x645; &#x627;&#x644;&#x632;&#x631;&#x643;&#x634;&#x64A; &#x62A;&#x63A;&#x645;&#x62F;&#x647;&#x645;&#x627; &#x627;&#x644;&#x644;&#x647; &#x62A;&#x639;&#x627;&#x644;&#x649; &#x628;&#x627;&#x644;&#x631;&#x62D;&#x645;&#x629; &#x648;&#x627;&#x644;&#x631;&#x636;&#x648;&#x627;&#x646; &#x622;&#x645;&#x64A;&#x646; &#x645; /</subfield>
    <subfield code="c"> &#x62A;&#x635;&#x62D;&#x64A;&#x62D; &#x625;&#x628;&#x631;&#x627;&#x647;&#x64A;&#x645; &#x627;&#x644;&#x637;&#x627;&#x647;&#x631;&#x64A; &#x627;&#x644;&#x62D;&#x646;&#x641;&#x64A; . &#x648;&#x628;&#x647;&#x627;&#x645;&#x634;&#x647; &#x62D;&#x627;&#x634;&#x64A;&#x629; &#x627;&#x644;&#x639;&#x644;&#x627;&#x645;&#x629; &#x627;&#x644;&#x634;&#x64A;&#x62E; &#x64A;&#x633; &#x639;&#x644;&#x649; &#x627;&#x644;&#x634;&#x631;&#x62D; &#x627;&#x644;&#x645;&#x630;&#x643;&#x648;&#x631;.</subfield>
  </datafield>
  <datafield tag="246" ind1="3" ind2="0">
    <subfield code="a">&#x641;&#x62A;&#x62D; &#x627;&#x644;&#x631;&#x62D;&#x645;&#x646; :</subfield>
    <subfield code="b">&#x634;&#x631;&#x62D; &#x634;&#x64A;&#x62E; &#x627;&#x644;&#x625;&#x633;&#x644;&#x627;&#x645; &#x632;&#x643;&#x631;&#x64A;&#x627; &#x627;&#x644;&#x623;&#x646;&#x635;&#x627;&#x631;&#x64A; &#x639;&#x644;&#x649; &#x645;&#x62A;&#x646; &#x644;&#x642;&#x637;&#x629; &#x627;&#x644;&#x639;&#x62C;&#x644;&#x627;&#x646; &#x648;&#x628;&#x644;&#x629; &#x627;&#x644;&#x638;&#x645;&#x622;&#x646; &#x641;&#x64A; &#x641;&#x646; &#x627;&#x644;&#x623;&#x635;&#x648;&#x644; &#x644;&#x644;&#x625;&#x645;&#x627;&#x645; &#x627;&#x644;&#x632;&#x631;&#x643;&#x634;&#x64A; &#x62A;&#x63A;&#x645;&#x62F;&#x647;&#x645;&#x627; &#x627;&#x644;&#x644;&#x647; &#x62A;&#x639;&#x627;&#x644;&#x649; &#x628;&#x627;&#x644;&#x631;&#x62D;&#x645;&#x629; &#x648;&#x627;&#x644;&#x631;&#x636;&#x648;&#x627;&#x646; &#x622;&#x645;&#x64A;&#x646; &#x645;</subfield>
  </datafield>
  <datafield tag="246" ind1="3" ind2="0">
    <subfield code="a">&#x634;&#x631;&#x62D; &#x634;&#x64A;&#x62E; &#x627;&#x644;&#x625;&#x633;&#x644;&#x627;&#x645; &#x632;&#x643;&#x631;&#x64A;&#x627; &#x627;&#x644;&#x623;&#x646;&#x635;&#x627;&#x631;&#x64A; &#x639;&#x644;&#x649; &#x645;&#x62A;&#x646; &#x644;&#x642;&#x637;&#x629; &#x627;&#x644;&#x639;&#x62C;&#x644;&#x627;&#x646; &#x648;&#x628;&#x644;&#x629; &#x627;&#x644;&#x638;&#x645;&#x622;&#x646; &#x641;&#x64A; &#x641;&#x646; &#x627;&#x644;&#x623;&#x635;&#x648;&#x644; &#x644;&#x644;&#x625;&#x645;&#x627;&#x645; &#x627;&#x644;&#x632;&#x631;&#x643;&#x634;&#x64A; &#x62A;&#x63A;&#x645;&#x62F;&#x647;&#x645;&#x627; &#x627;&#x644;&#x644;&#x647; &#x62A;&#x639;&#x627;&#x644;&#x649; &#x628;&#x627;&#x644;&#x631;&#x62D;&#x645;&#x629; &#x648;&#x627;&#x644;&#x631;&#x636;&#x648;&#x627;&#x646; &#x622;&#x645;&#x64A;&#x646; &#x645;</subfield>
  </datafield>
  <datafield tag="250" ind1=" " ind2=" ">
    <subfield code="a">&#x627;&#x644;&#x637;&#x628;&#x639;&#x629; &#x627;&#x644;&#x623;&#x648;&#x644;&#x649;.</subfield>
  </datafield>
  <datafield tag="264" ind1=" " ind2="1">
    <subfield code="a">[&#x645;&#x643;&#x627;&#x646; &#x627;&#x644;&#x646;&#x634;&#x631; &#x63A;&#x64A;&#x631; &#x645;&#x62D;&#x62F;&#x62F;] :</subfield>
    <subfield code="b">[&#x627;&#x644;&#x646;&#x627;&#x634;&#x631; &#x63A;&#x64A;&#x631; &#x645;&#x62D;&#x62F;&#x62F;]&#x60C;</subfield>
    <subfield code="c">[1911]</subfield>
  </datafield>
  <datafield tag="264" ind1=" " ind2="3">
    <subfield code="a">[&#x627;&#x644;&#x642;&#x627;&#x647;&#x631;&#x629;] :</subfield>
    <subfield code="b">&#x645;&#x637;&#x628;&#x639;&#x629; &#x627;&#x644;&#x646;&#x64A;&#x644; :</subfield>
    <subfield code="b">&#x627;&#x644;&#x645;&#x637;&#x628;&#x639;&#x629; &#x627;&#x644;&#x623;&#x632;&#x647;&#x631;&#x64A;&#x629;</subfield>
  </datafield>
  <datafield tag="300" ind1=" " ind2=" ">
    <subfield code="a">78 &#x635;&#x641;&#x62D;&#x629; &#x61B;</subfield>
    <subfield code="c">27 &#xD7; 19 &#x633;&#x645;</subfield>
  </datafield>
  <datafield tag="336" ind1=" " ind2=" ">
    <subfield code="a">&#x646;&#x635;</subfield>
    <subfield code="b">txt</subfield>
    <subfield code="2">rdacontent</subfield>
    <subfield code="3">&#x643;&#x62A;&#x627;&#x628;</subfield>
  </datafield>
  <datafield tag="337" ind1=" " ind2=" ">
    <subfield code="a">&#x628;&#x62F;&#x648;&#x646; &#x648;&#x633;&#x64A;&#x637;</subfield>
    <subfield code="b">n</subfield>
    <subfield code="2">rdamedia</subfield>
  </datafield>
  <datafield tag="338" ind1=" " ind2=" ">
    <subfield code="a">&#x645;&#x62C;&#x644;&#x62F;</subfield>
    <subfield code="b">nc</subfield>
    <subfield code="2">rdacarrier</subfield>
  </datafield>
  <datafield tag="500" ind1=" " ind2=" ">
    <subfield code="a">&#x62A;&#x627;&#x631;&#x64A;&#x62E; &#x627;&#x644;&#x646;&#x634;&#x631; &#x645;&#x623;&#x62E;&#x648;&#x630; &#x645;&#x646; &#x62D;&#x631;&#x62F; &#x627;&#x644;&#x645;&#x62A;&#x646;&#x60C; &#x627;&#x644;&#x62A;&#x627;&#x631;&#x64A;&#x62E; &#x627;&#x644;&#x648;&#x627;&#x631;&#x62F; &#x639;&#x644;&#x649; &#x635;&#x641;&#x62D;&#x629; &#x627;&#x644;&#x639;&#x646;&#x648;&#x627;&#x646; : 1328 &#x647;&#x640;.</subfield>
  </datafield>
  <datafield tag="650" ind1=" " ind2="7">
    <subfield code="a">&#x623;&#x635;&#x648;&#x644; &#x627;&#x644;&#x641;&#x642;&#x647; &#x627;&#x644;&#x625;&#x633;&#x644;&#x627;&#x645;&#x64A;</subfield>
    <subfield code="2">aucsh</subfield>
  </datafield>
  <datafield tag="700" ind1="1" ind2=" ">
    <subfield code="a">&#x627;&#x644;&#x62D;&#x646;&#x641;&#x64A;&#x60C; &#x625;&#x628;&#x631;&#x627;&#x647;&#x64A;&#x645; &#x627;&#x644;&#x637;&#x627;&#x647;&#x631;&#x64A;</subfield>
    <subfield code="e">&#x645;&#x635;&#x62D;&#x62D;.</subfield>
  </datafield>
  <datafield tag="700" ind1="1" ind2="2">
    <subfield code="a">&#x627;&#x644;&#x632;&#x631;&#x643;&#x634;&#x64A;&#x60C; &#x645;&#x62D;&#x645;&#x62F; &#x628;&#x646; &#x628;&#x647;&#x627;&#x62F;&#x631; &#x628;&#x646; &#x639;&#x628;&#x62F; &#x627;&#x644;&#x644;&#x647;&#x60C;</subfield>
    <subfield code="d">745-794 &#x647;&#x62C;&#x631;&#x64A;</subfield>
  </datafield>
  <datafield tag="700" ind1="1" ind2="2">
    <subfield code="a">&#x627;&#x644;&#x639;&#x644;&#x64A;&#x645;&#x64A;&#x60C; &#x64A;&#x627;&#x633;&#x64A;&#x646; &#x628;&#x646; &#x632;&#x64A;&#x646; &#x627;&#x644;&#x62F;&#x64A;&#x646; &#x628;&#x646; &#x623;&#x628;&#x64A; &#x628;&#x643;&#x631;&#x60C;</subfield>
    <subfield code="d">&#x62A;&#x648;&#x641;&#x64A; 1061 &#x647;&#x62C;&#x631;&#x64A;</subfield>
    <subfield code="t">&#x62D;&#x627;&#x634;&#x64A;&#x629; &#x627;&#x644;&#x634;&#x64A;&#x62E; &#x64A;&#x633; &#x639;&#x644;&#x649; &#x634;&#x631;&#x62D; &#x627;&#x644;&#x644;&#x642;&#x637;&#x629; &#x644;&#x634;&#x64A;&#x62E; &#x627;&#x644;&#x625;&#x633;&#x644;&#x627;&#x645; &#x632;&#x643;&#x631;&#x64A;&#x627; &#x627;&#x644;&#x623;&#x646;&#x635;&#x627;&#x631;&#x64A;.</subfield>
  </datafield>
  <datafield tag="740" ind1="0" ind2="2">
    <subfield code="a">&#x644;&#x642;&#x637;&#x629; &#x627;&#x644;&#x639;&#x62C;&#x644;&#x627;&#x646; &#x648;&#x628;&#x644;&#x629; &#x627;&#x644;&#x638;&#x645;&#x622;&#x646;.</subfield>
  </datafield>
  <datafield tag="740" ind1="0" ind2="2">
    <subfield code="a">&#x62D;&#x627;&#x634;&#x64A;&#x629; &#x627;&#x644;&#x634;&#x64A;&#x62E; &#x64A;&#x633; &#x639;&#x644;&#x649; &#x634;&#x631;&#x62D; &#x627;&#x644;&#x644;&#x642;&#x637;&#x629; &#x644;&#x634;&#x64A;&#x62E; &#x627;&#x644;&#x625;&#x633;&#x644;&#x627;&#x645; &#x632;&#x643;&#x631;&#x64A;&#x627; &#x627;&#x644;&#x623;&#x646;&#x635;&#x627;&#x631;&#x64A;.</subfield>
  </datafield>
  <datafield tag="856" ind1="4" ind2=" ">
    <subfield code="u">http://10.0.0.80:1112/Abdulrahman/1137.pdf</subfield>
  </datafield>
  <datafield tag="856" ind1="4" ind2=" ">
    <subfield code="u">http://10.10.10.21/hipres/1137/book.Web/bookTestPage.html</subfield>
  </datafield>
  <datafield tag="942" ind1=" " ind2=" ">
    <subfield code="2">ddc</subfield>
    <subfield code="c">RBOOK COPY</subfield>
    <subfield code="n">0</subfield>
  </datafield>
  <datafield tag="949" ind1=" " ind2=" ">
    <subfield code="a">SA-JeALM</subfield>
    <subfield code="d">260101</subfield>
    <subfield code="u">mohamedma123</subfield>
    <subfield code="n">1</subfield>
  </datafield>
  <datafield tag="952" ind1=" " ind2=" ">
    <subfield code="0">0</subfield>
    <subfield code="1">0</subfield>
    <subfield code="2">ddc</subfield>
    <subfield code="4">0</subfield>
    <subfield code="7">0</subfield>
    <subfield code="a">WAHAB</subfield>
    <subfield code="b">WAHAB</subfield>
    <subfield code="d">2026-01-14</subfield>
    <subfield code="l">0</subfield>
    <subfield code="o">&#x645; &#x646; 251 &#x632; &#x643; &#x631;</subfield>
    <subfield code="p">000022485</subfield>
    <subfield code="r">2026-01-14 14:18:00</subfield>
    <subfield code="w">2026-01-14</subfield>
    <subfield code="y">RBOOK COPY</subfield>
  </datafield>
  <datafield tag="999" ind1=" " ind2=" ">
    <subfield code="c">14072</subfield>
    <subfield code="d">14072</subfield>
  </datafield>
</record>
